Vrai ou Faux - Zoro One Piece - Statistiques

Statistiques générales
  • Ce quiz a été pris 243 fois
    225 depuis la dernière actualisation
  • Le résultat moyen est 12 sur 15
Statistiques - réponses
Question Réponse % Correct
Zoro est célèbre pour combattre avec deux sabres. Faux
100%
Zoro a le rêve de devenir le meilleur épéiste du monde. Vrai
100%
Zoro a un sens de l'orientation exceptionnel. Faux
99%
Zoro a été un ancien membre de la Marine avant de devenir un pirate. Faux
98%
Zoro est le premier membre à rejoindre l’équipage de Luffy. Vrai
98%
Zoro possède le sabre légendaire appelé "Enma". Vrai
93%
Zoro a déjà été membre d'une organisation secrète appelée "Baroque Works". Faux
92%
Zoro est le meilleur ami de Sanji. Faux
89%
Zoro a été formé par un maître épéiste nommé "Koshiro" dans son enfance. Vrai
89%
Zoro a reçu une formation par un samouraï légendaire sur l'île de Wano. Faux
73%
Zoro a combattu un personnage nommé "Mr. 2" pendant l'arc Alabasta. Faux
68%
Zoro a reçu un sabre nommé "Yubashiri" qu'il a perdu pendant l'arc Enies Lobby. Vrai
63%
Zoro a une technique de combat appelée "Rokushiki". Faux
56%
Zoro a combattu un des sept Grands Corsaires, Gecko Moria. Vrai
44%
Zoro a une passion secrète pour le tricot et a même tricoté un pull pour Luffy. Faux
32%
Aucun quiz correspondant
Distribution des résultats
% des personnes avec chaque résultat
Percentile par nombre de réponses
Votre historique - résultats
Vous n’avez pas pris ce quiz depuis la dernière actualisation